Poverty, democracy, and macro economic management : (Record no. 125549)
[ view plain ]
| 000 -LEADER | |
|---|---|
| fixed length control field | 01007cam a2200313 a 4500 |
| 001 - CONTROL NUMBER | |
| control field | 12614950 |
| 003 - CONTROL NUMBER IDENTIFIER | |
| control field | ARRUPE |
| 005 - DATE AND TIME OF LATEST TRANSACTION | |
| control field | 20161020112936.0 |
| 008 - FIXED-LENGTH DATA ELEMENTS--GENERAL INFORMATION | |
| fixed length control field | 011009s1999 rh bs 001 0 eng |
| 010 ## - LIBRARY OF CONGRESS CONTROL NUMBER | |
| LC control number | 2001311585 |
| 020 ## - INTERNATIONAL STANDARD BOOK NUMBER | |
| International Standard Book Number | 1779050976 |
| 035 ## - SYSTEM CONTROL NUMBER | |
| System control number | (DLC) 2001311585 |
| 040 ## - CATALOGING SOURCE | |
| Original cataloging agency | DLC |
| Transcribing agency | DLC |
| Modifying agency | DLC |
| 042 ## - AUTHENTICATION CODE | |
| Authentication code | lcode |
| 043 ## - GEOGRAPHIC AREA CODE | |
| Geographic area code | f-mw--- |
| 050 00 - LIBRARY OF CONGRESS CALL NUMBER | |
| Classification number | HC935.Z9 |
| Item number | P6264 1999 |
| 082 00 - DEWEY DECIMAL CLASSIFICATION NUMBER | |
| Classification number | 339.4/6/096897 |
| Edition number | 21 |
| 300 ## - PHYSICAL DESCRIPTION | |
| Dimensions | 21 cm. |
| 100 1# - MAIN ENTRY--PERSONAL NAME | |
| Personal name | Mkandawire, Mjedo L.C. |
| 9 (RLIN) | 26871 |
| 245 10 - TITLE STATEMENT | |
| Title | Poverty, democracy, and macro economic management : |
| Remainder of title | the case of Malawi / |
| Statement of responsibility, etc | Mjedo L.C. Mkandawire. |
| 260 ## - PUBLICATION, DISTRIBUTION, ETC. (IMPRINT) | |
| Place of publication, distribution, etc | Harare : |
| Name of publisher, distributor, etc | SAPES Books, |
| Date of publication, distribution, etc | 1999. |
| 300 ## - PHYSICAL DESCRIPTION | |
| Extent | 162 p. ; |
| 500 ## - GENERAL NOTE | |
| General note | "SAPES Trust"--Cover p. [4]. |
| 504 ## - BIBLIOGRAPHY, ETC. NOTE | |
| Bibliography, etc | Includes bibliographical references (p. 154-158) and indexes. |
| 650 #0 - SUBJECT ADDED ENTRY--TOPICAL TERM | |
| Topical term or geographic name as entry element | Poor |
| Geographic subdivision | Malawi. |
| 9 (RLIN) | 26872 |
| 710 2# - ADDED ENTRY--CORPORATE NAME | |
| Corporate name or jurisdiction name as entry element | SAPES Trust. |
| 9 (RLIN) | 23049 |
| 906 ## - LOCAL DATA ELEMENT F, LDF (RLIN) | |
| a | 7 |
| b | cbc |
| c | origode |
| d | 3 |
| e | ncip |
| f | 20 |
| g | y-gencatlg |
| 942 ## - ADDED ENTRY ELEMENTS (KOHA) | |
| Source of classification or shelving scheme | Library of Congress Classification |
| Koha item type | Monograph ( Printed materials) |
| Withdrawn status | Lost status | Source of classification or shelving scheme | Damaged status | Not for loan | Collection code | Home library | Current library | Shelving location | Date acquired | Total Checkouts | Full call number | Barcode | Date last seen | Copy number | Price effective from | Koha item type |
|---|---|---|---|---|---|---|---|---|---|---|---|---|---|---|---|---|
| Library of Congress Classification | Main Collection | ARRUPE LIBRARY | ARRUPE LIBRARY | Main Collection | 20/10/2016 | HC935.Z9 P6264 1999 | 46500010538 | 23/04/2018 | 1 | 20/10/2016 | Monograph ( Printed materials) | |||||
| Library of Congress Classification | Main Collection | ARRUPE LIBRARY | ARRUPE LIBRARY | Main Collection | 20/10/2016 | HC935.Z9 P6264 1999 | 46500010539 | 23/04/2018 | 2 | 20/10/2016 | Monograph ( Printed materials) |